000 00188 a2200097 4500
020 _a9780345538987
041 _aeng
100 _aCrichton, Michael
245 _aJurassic Park
942 _cBK
999 _c11283
_d11283